Państwa Europejskie - Statystyki

Ogólne statystyki
  • Ten quiz został rozwiązany 50 razy
  • Średni wynik to 11 z 20
Answers on the Grid
Answers color-coded by a green-red scale on the quiz's grid according to % correct below.
Polska
Czechosłowacja
Syria
San Marino
Malta
Gruzja
Cypr
Irlandia
Irlandia Północna
Macedonia Północna
Islandia
Grenlandia
Abchazja
Jugosławia
Kurdystan
Australia
Mołdawia
Hercegowina
Turkmenistan
Liechtenstein
Luksemburg
Watykan
Rzym
Estonia
Kosowo
Tunezja
Anglia
Andora
Albania
Niderlandy
Słowecja
Ukraina
Korsyka
Imperium Wielkiej Lechii
Dania
Bośnia i Hercegowina
Białoruś
Czeczenia
Macedonia Południowa
Łotwa
 
Statystyki odpowiedzi
Odpowiedź % Poprawnych
Polska
100%
Malta
82%
San Marino
82%
Irlandia
68%
Islandia
57%
Macedonia Północna
54%
Mołdawia
54%
Albania
50%
Liechtenstein
50%
Luksemburg
50%
Andora
46%
Bośnia i Hercegowina
46%
Ukraina
46%
Watykan
46%
Białoruś
43%
Dania
43%
Estonia
43%
Kosowo
43%
Łotwa
39%
Niderlandy
29%
Nie znaleziono quizów pasujących do podanych kryteriów
Rozkład punktacji
Procent ludzi z każdym wynikiem
Percentyl według liczby udzielonych odpowiedzi
Twoja historia wyników
Nie rozwiązałeś tego quizu